[Event "26th EUR-ch"]
[Site "Katowice POL"]
[Date "2026.04.18"]
[Round "10.106"]
[White "Mkrtchian, Mariam"]
[Black "Rzap, Filip"]
[Result "1-0"]
[WhiteElo "2368"]
[BlackElo "2123"]
[EventDate "2026.04.07"]
[PlyCount "63"]

1.d4 d5 2.Nf3 Nf6 3.c4 c6 4.Nc3 e6 5.e3 Nbd7 6.Qc2 Bd6 7.Bd3 dxc4 8.Bxc4 
O-O 9.O-O a6 10.a4 c5 11.dxc5 Bxc5 12.e4 Qc7 13.Qe2 Ng4 14.Bb3 b6 15.h3 
Nge5 16.Nxe5 Nxe5 17.Bf4 Bd6 18.Be3 Bc5 19.Rac1 Nc6 20.Rfd1 Bb7 21.Bxc5 
bxc5 22.Qe3 Qb6 23.Ne2 Na5 24.Rc3 Rac8 25.Bc2 e5 26.Ng3 g6 27.Qh6 Rc6 28.
Nf5 gxf5 29.Rg3+ Rg6 30.exf5 c4 31.fxg6 fxg6 32.Bxg6 1-0

[Event "26th EUR-ch"]
[Site "Katowice POL"]
[Date "2026.04.18"]
[Round "10.107"]
[White "Frankiv, Oleksandr"]
[Black "Aslanov, Umid"]
[Result "0-1"]
[WhiteElo "1893"]
[BlackElo "2368"]
[EventDate "2026.04.07"]
[PlyCount "68"]

1.e4 c5 2.Nf3 d6 3.d4 cxd4 4.Nxd4 Nf6 5.Nc3 a6 6.f3 e5 7.Nb3 Be7 8.Be3 Be6
9.Qd2 O-O 10.O-O-O Nbd7 11.g4 b5 12.Kb1 Qc7 13.h4 Nb6 14.g5 Nh5 15.f4 Nc4 
16.Bxc4 bxc4 17.Nc1 exf4 18.Bxf4 Nxf4 19.Qxf4 Rab8 20.Nd5 Bxd5 21.exd5 Rb5
22.Qd4 a5 23.Rh2 Rfb8 24.c3 g6 25.h5 Bxg5 26.hxg6 fxg6 27.Rg1 Qb7 28.Nb3 
Qxd5 29.a4 Qf5+ 30.Ka1 Rxb3 31.Rf2 Qe6 32.Qd1 Bf6 33.Qh5 Bxc3 34.bxc3 Rb1+
0-1

[Event "26th EUR-ch"]
[Site "Katowice POL"]
[Date "2026.04.18"]
[Round "10.108"]
[White "Wadsworth, Matthew"]
[Black "Ciborowski, Konrad jr"]
[Result "1-0"]
[WhiteElo "2532"]
[BlackElo "1948"]
[EventDate "2026.04.07"]
[PlyCount "115"]

1.Nf3 f5 2.d4 Nf6 3.g3 g6 4.Bg2 Bg7 5.O-O O-O 6.c4 d6 7.Nc3 Qe8 8.Re1 Qf7 
9.e4 fxe4 10.Nxe4 Nc6 11.d5 Nxe4 12.dxc6 Nc5 13.Be3 b6 14.Nd4 Qxc4 15.b3 
Qd3 16.b4 Qxd1 17.Raxd1 Na6 18.Bd5+ Kh8 19.Rb1 e5 20.Nb5 Bf5 21.Rb3 Bc2 
22.Reb1 e4 23.Bc4 d5 24.Bxd5 Rad8 25.Bc4 Nb8 26.Rc1 Bxb3 27.Bxb3 Rf5 28.
Nxa7 Na6 29.a3 Ra8 30.g4 Re5 31.Rd1 h6 32.Rd7 Rxa7 33.Bd4 Re7 34.Rd8+ Kh7 
35.Bg8+ Kh8 36.Bd5+ Kh7 37.Be3 Bf6 38.h4 Rg7 39.Re8 Re7 40.Rf8 Bg7 41.Rd8 
g5 42.hxg5 hxg5 43.Bxg5 Re5 44.Be3 Kg6 45.Bc4 Re7 46.Kg2 Bf6 47.g5 Bb2 48.
Kg3 Bxa3 49.Kg4 Bb2 50.Rd7 Rxd7 51.cxd7 Ra8 52.Bxa6 Rd8 53.Bb5 Bc3 54.Bc6 
Bxb4 55.Bxe4+ Kf7 56.g6+ Kg8 57.Bf5 Be7 58.Bd4 1-0

[Event "26th EUR-ch"]
[Site "Katowice POL"]
[Date "2026.04.18"]
[Round "10.109"]
[White "Saraci, Nderim"]
[Black "Szakmary, Domonkos"]
[Result "0-1"]
[WhiteElo "2483"]
[BlackElo "2278"]
[EventDate "2026.04.07"]
[PlyCount "126"]

1.Nf3 d5 2.g3 Nf6 3.Bg2 c6 4.O-O g6 5.d4 Bg7 6.b3 O-O 7.Bb2 Qb6 8.Nbd2 a5 
9.a3 Bf5 10.Re1 Nbd7 11.e3 Rac8 12.h3 h5 13.c4 Ne4 14.c5 Qc7 15.b4 b6 16.
Nh4 bxc5 17.Nxf5 gxf5 18.Nxe4 fxe4 19.Qxh5 cxb4 20.axb4 axb4 21.Rec1 Ra8 
22.Qxd5 cxd5 23.Rxc7 Rxa1+ 24.Bxa1 Ra8 25.Bb2 Nb6 26.Rb7 Ra2 27.Rxb6 Rxb2 
28.Bf1 e5 29.dxe5 Bxe5 30.Rb5 Rb1 31.Rxd5 Bf6 32.Rd6 Kg7 33.Kg2 b3 34.Bb5 
b2 35.Bc6 Rg1+ 36.Kxg1 b1=Q+ 37.Kg2 Qb6 38.h4 Qc5 39.Rxf6 Kxf6 40.Bxe4 Ke5
41.Bf3 Qc2 42.Bh5 Qh7 43.Bf3 Kd6 44.h5 Ke5 45.Bd1 Qb1 46.Bf3 Kf6 47.Be2 
Qe1 48.Bf3 Qd2 49.Kf1 Kg5 50.Be2 f6 51.Bf3 Qc1+ 52.Kg2 Qe1 53.g4 Qc1 54.
Be2 Qd2 55.f4+ Kh4 56.Kf2 Qc1 57.Bf3 Qb2+ 58.Be2 Qc2 59.Kf3 Qc6+ 60.Kf2 
Qh1 61.h6 Kh3 62.h7 Qh2+ 63.Ke1 Kg3 0-1

[Event "26th EUR-ch"]
[Site "Katowice POL"]
[Date "2026.04.18"]
[Round "10.110"]
[White "Jarocka, Liwia"]
[Black "Karsay, Pascal"]
[Result "1-0"]
[WhiteElo "2272"]
[BlackElo "2412"]
[EventDate "2026.04.07"]
[PlyCount "93"]

1.d4 Nf6 2.c4 e6 3.Nc3 d5 4.cxd5 exd5 5.Bg5 c6 6.e3 h6 7.Bh4 Bd6 8.Bd3 O-O
9.Nge2 Re8 10.Qc2 a5 11.h3 Na6 12.a3 Nc7 13.O-O Ne6 14.Rfe1 Ng5 15.Rad1 
Nfe4 16.Bg3 Nxg3 17.Nxg3 Bxg3 18.fxg3 Qd6 19.Kh2 Bd7 20.h4 Ne6 21.Rf1 Rf8 
22.Rf3 Rae8 23.Rdf1 Nd8 24.Qd2 b5 25.Rf4 b4 26.axb4 Qxb4 27.Qf2 Re7 28.Bg6
Be6 29.e4 Rb7 30.exd5 Bxd5 31.Nxd5 cxd5 32.Qf3 Qd6 33.Bh5 Qd7 34.Rf5 Rb5 
35.Qg4 Rb7 36.Qf3 Rxb2 37.Rxd5 Qa7 38.Qa3 Rb4 39.Rxa5 Qxd4 40.Rf4 Qxf4 41.
gxf4 Rxf4 42.g3 Rf2+ 43.Kg1 Rf6 44.Bg4 Ne6 45.Rf5 Rxf5 46.Bxf5 Nd4 47.Bh7+
1-0

[Event "26th EUR-ch"]
[Site "Katowice POL"]
[Date "2026.04.18"]
[Round "10.111"]
[White "Rubes, Jan"]
[Black "Lehaci, Miruna-Daria"]
[Result "1/2-1/2"]
[WhiteElo "2393"]
[BlackElo "2258"]
[EventDate "2026.04.07"]
[PlyCount "88"]

1.Nf3 d5 2.e3 Nf6 3.c4 e6 4.Nc3 b6 5.b3 Bb7 6.Bb2 Nbd7 7.Qc2 a6 8.cxd5 
exd5 9.Ne2 c5 10.Ng3 Rc8 11.h4 h5 12.Bd3 Be7 13.Nf5 c4 14.Be2 Bf8 15.Ng5 
cxb3 16.Qxb3 Nc5 17.Qd1 Qd7 18.Ng3 Be7 19.O-O g6 20.Rb1 Bc6 21.Bd4 Ba4 22.
Qe1 b5 23.Rc1 O-O 24.f4 Nce4 25.Rxc8 Qxc8 26.N3xe4 Nxe4 27.Nxe4 dxe4 28.f5
Qc7 29.Qf2 Bd6 30.g4 hxg4 31.Bxg4 b4 32.Kg2 Bb5 33.Rg1 Be5 34.Bxe5 Qxe5 
35.Qg3 Qxg3+ 36.Kxg3 Bc4 37.Rb1 a5 38.Rb2 Kg7 39.Rc2 b3 40.axb3 Bxb3 41.
Rc1 a4 42.Bd1 Bxd1 43.Rxd1 gxf5 44.Kf4 Kf6 1/2-1/2

[Event "26th EUR-ch"]
[Site "Katowice POL"]
[Date "2026.04.18"]
[Round "10.112"]
[White "Mirski, Stanislaw"]
[Black "Sherman, Raem"]
[Result "1/2-1/2"]
[WhiteElo "2266"]
[BlackElo "2391"]
[EventDate "2026.04.07"]
[PlyCount "81"]

1.d4 Nf6 2.c4 e6 3.Nf3 d5 4.Nc3 dxc4 5.e4 b5 6.Bg5 c6 7.e5 h6 8.Bh4 g5 9.
Nxg5 hxg5 10.Bxg5 Be7 11.exf6 Bxf6 12.Bxf6 Qxf6 13.g3 Na6 14.Bg2 Nb4 15.
O-O Nd5 16.Re1 Nxc3 17.bxc3 Bb7 18.a4 O-O-O 19.Qg4 a6 20.Re5 Kc7 21.Rc5 
Rd5 22.axb5 axb5 23.Rxd5 cxd5 24.h4 Bc6 25.Qd1 Rb8 26.Ra7+ Rb7 27.Qa1 Rxa7
28.Qxa7+ Kc8 29.Qa6+ Kd7 30.Qa7+ Ke8 31.Qb6 Bd7 32.Bxd5 Qf5 33.Bc6 Bxc6 
34.Qxc6+ Kf8 35.Qd6+ Kg8 36.Qd8+ Kh7 37.Qe7 Qb1+ 38.Kh2 Qf5 39.Kg1 Qb1+ 
40.Kg2 Qe4+ 41.Kg1 1/2-1/2

[Event "26th EUR-ch"]
[Site "Katowice POL"]
[Date "2026.04.18"]
[Round "10.113"]
[White "Topencik, Bruno"]
[Black "Lazov, Toni"]
[Result "0-1"]
[WhiteElo "2265"]
[BlackElo "2389"]
[EventDate "2026.04.07"]
[PlyCount "66"]

1.e4 c5 2.Be2 Nc6 3.d3 g6 4.f4 d5 5.Nf3 Nf6 6.e5 Nh5 7.O-O Bh6 8.Ne1 Ng7 
9.c3 f6 10.exf6 exf6 11.Na3 O-O 12.Nac2 Re8 13.Be3 d4 14.Bd2 Nf5 15.Bf3 
Kh8 16.Kh1 Qd6 17.Be4 Bd7 18.a4 Rad8 19.cxd4 Nfxd4 20.Nxd4 Nxd4 21.Bxb7 
Rb8 22.Bf3 Rxb2 23.Bc3 Rbb8 24.Bxd4 Qxd4 25.g3 Rb2 26.Nc2 Qc3 27.Rc1 Bxa4 
28.Rf2 f5 29.Re2 Rd8 30.Rd2 Bg7 31.Qe2 Re8 32.Qg2 Rxc2 33.Rdxc2 Re1+ 0-1

[Event "26th EUR-ch"]
[Site "Katowice POL"]
[Date "2026.04.18"]
[Round "10.114"]
[White "Niedbala, Bartlomiej"]
[Black "Tymrakiewicz, Rafal"]
[Result "1-0"]
[WhiteElo "2382"]
[BlackElo "2216"]
[EventDate "2026.04.07"]
[PlyCount "105"]

1.e4 c6 2.d4 d5 3.e5 Bf5 4.Nf3 e6 5.Be2 Ne7 6.c3 Nd7 7.O-O Bg6 8.Na3 Nc8 
9.Nc2 Be7 10.Nfe1 O-O 11.Nd3 c5 12.Nf4 c4 13.g3 b5 14.Ne3 b4 15.h4 bxc3 
16.bxc3 Qa5 17.Bd2 Qa6 18.Bc1 Qa5 19.Qd2 Ncb6 20.h5 Be4 21.f3 Bd3 22.Nxd3 
cxd3 23.Qxd3 Na4 24.Bd2 Qc7 25.Qc2 Nab6 26.Bd3 h6 27.Kg2 f5 28.f4 Nc4 29.
Nxc4 dxc4 30.Be2 Nb6 31.Bf3 Nd5 32.Bxd5 exd5 33.Qa4 Rab8 34.Rab1 Kh7 35.
Qa6 Rb6 36.Rxb6 Qxb6 37.Qxb6 axb6 38.Rb1 Ba3 39.Rxb6 Ra8 40.Kf3 Ra5 41.g4 
fxg4+ 42.Kxg4 Be7 43.Rb2 Ba3 44.Rc2 Kg8 45.Kf5 Kf7 46.Bc1 Be7 47.Rb2 Ra6 
48.Rb8 g6+ 49.hxg6+ Rxg6 50.Ba3 Ra6 51.Bxe7 Kxe7 52.Rb7+ Ke8 53.e6 1-0

[Event "26th EUR-ch"]
[Site "Katowice POL"]
[Date "2026.04.18"]
[Round "10.115"]
[White "Goderdzishvili, Giga"]
[Black "Kiladze, Luka"]
[Result "1/2-1/2"]
[WhiteElo "2261"]
[BlackElo "2380"]
[EventDate "2026.04.07"]
[PlyCount "114"]

1.c4 e6 2.d4 d5 3.Nf3 Nf6 4.Nc3 Ne4 5.Nd2 Nxc3 6.bxc3 c5 7.cxd5 exd5 8.g3 
Nc6 9.Bg2 Be6 10.O-O Be7 11.dxc5 Bxc5 12.Nb3 Be7 13.Nd4 Nxd4 14.cxd4 O-O 
15.Qb3 Qd7 16.Rb1 b6 17.Ba3 Bxa3 18.Qxa3 Bh3 19.Bxh3 Qxh3 20.Rb5 Qe6 21.
Qf3 Rfd8 22.Rc1 a6 23.Rb2 Rac8 24.Rxc8 Rxc8 25.Rb3 h6 26.Kg2 f6 27.h4 b5 
28.Re3 Qd7 29.Qf4 a5 30.g4 b4 31.g5 Re8 32.Rg3 fxg5 33.hxg5 hxg5 34.Qf3 
Rf8 35.Qb3 g4 36.e4 Qf7 37.Qxd5 Qxd5 38.exd5 Rf4 39.Re3 Rxd4 40.Re5 a4 41.
Re8+ Kf7 42.Rb8 Kf6 43.Rb6+ Ke5 44.d6 Kd5 45.d7 Kc4 46.Rb7 Kc3 47.Ra7 a3 
48.Rb7 Kc2 49.Kg3 Kc3 50.Kg2 Rd3 51.Kf1 Kd2 52.Kg2 Ke2 53.Rxb4 Rxd7 54.
Rxg4 Rd2 55.Rxg7 Rxa2 56.Ra7 Ke1 57.Kg3 Rxf2 1/2-1/2

[Event "26th EUR-ch"]
[Site "Katowice POL"]
[Date "2026.04.18"]
[Round "10.116"]
[White "Kurmann, Oliver"]
[Black "Perets, Dmytro"]
[Result "1/2-1/2"]
[WhiteElo "2377"]
[BlackElo "2253"]
[EventDate "2026.04.07"]
[PlyCount "76"]

1.c4 g6 2.Nf3 c5 3.g3 Bg7 4.Bg2 Nc6 5.Nc3 d6 6.O-O h5 7.b3 Nh6 8.Bb2 Nf5 
9.h4 O-O 10.e3 Bd7 11.Rb1 Rb8 12.Ne2 Bxb2 13.Rxb2 b5 14.cxb5 Rxb5 15.d4 
cxd4 16.e4 Ng7 17.Nexd4 Nxd4 18.Nxd4 Rc5 19.Qd2 Kh7 20.Rc2 Rxc2 21.Nxc2 
Be6 22.Ne3 Qb8 23.Rc1 Rc8 24.Rxc8 Qxc8 25.Qa5 Qb8 26.b4 Ne8 27.a4 Nf6 28.
b5 Nd7 29.Qb4 Qc7 30.a5 Kg8 31.Kh2 Kf8 32.Bh3 Ke8 33.Bxe6 fxe6 34.Qb3 Nc5 
35.Qb4 Nd3 36.Qd2 Nc5 37.Qb4 Nd3 38.Qd2 Nc5 1/2-1/2

[Event "26th EUR-ch"]
[Site "Katowice POL"]
[Date "2026.04.18"]
[Round "10.118"]
[White "Holtel, Jasper"]
[Black "Portelli, Matthew"]
[Result "1-0"]
[WhiteElo "2370"]
[BlackElo "2213"]
[EventDate "2026.04.07"]
[PlyCount "187"]

1.Nf3 d5 2.g3 Nf6 3.Bg2 e6 4.O-O Be7 5.d4 O-O 6.c4 c6 7.Qc2 b6 8.Nbd2 Nbd7
9.e4 dxe4 10.Nxe4 Bb7 11.Nxf6+ Nxf6 12.Rd1 Qc8 13.c5 Rd8 14.Bf4 h6 15.Ne5 
Nd5 16.Bd2 Qc7 17.f4 a5 18.a3 a4 19.Re1 Bf6 20.Rad1 Be7 21.Kh1 Bf8 22.h4 
Re8 23.Be4 Nf6 24.Bf3 Nd5 25.h5 Qe7 26.Rc1 Rec8 27.Be4 Nf6 28.Bf3 Nd5 29.
Rg1 Qd8 30.Rge1 Be7 31.Rcd1 Bf8 32.Kg2 Qe7 33.Rc1 Qd8 34.Kh2 Qe7 35.Be3 
Nxe3 36.Rxe3 bxc5 37.dxc5 Ra5 38.Rc3 Qe8 39.Be4 Be7 40.Rd1 Bf6 41.Rcd3 
Bxe5 42.fxe5 Qf8 43.Rd6 f5 44.exf6 Qxf6 45.Bg6 Rb5 46.R1d2 Rf8 47.R6d4 Qg5
48.Rf2 Qxc5 49.Rxf8+ Qxf8 50.Rf4 Qd6 51.Qf2 Rd5 52.Kh3 Rd1 53.Qf3 e5 54.
Rf8+ Qxf8 55.Bh7+ Kxh7 56.Qxf8 Rd5 57.Qf5+ Kg8 58.Qe6+ Kh7 59.Qf5+ Kg8 60.
Qe6+ Kh7 61.Qg4 Rb5 62.Qxa4 Bc8+ 63.g4 Be6 64.Qe4+ Kg8 65.Qxc6 Rb3+ 66.Kh4
Kf7 67.Qc7+ Kf6 68.Qc2 g5+ 69.hxg6 Rf3 70.g7 Rf4 71.Qc6 Rxg4+ 72.Kh3 Rxg7+
73.Kh2 Rg4 74.Qf3+ Rf4 75.Qg3 h5 76.b4 h4 77.Qe3 h3 78.b5 Rc4 79.Qh6+ Ke7 
80.Qh7+ Kd6 81.b6 e4 82.Kg3 Rc6 83.b7 Rb6 84.Qxe4 Rb3+ 85.Kf2 h2 86.Qf4+ 
Kc6 87.Qa4+ Kxb7 88.Qe4+ Kc7 89.Qe5+ Kd7 90.Kg2 Rh3 91.Kh1 Ke7 92.a4 Kd7 
93.a5 Rd3 94.Qb5+ 1-0

[Event "26th EUR-ch"]
[Site "Katowice POL"]
[Date "2026.04.18"]
[Round "10.119"]
[White "Veljanoski, Andrej"]
[Black "Luczak, Filip"]
[Result "1-0"]
[WhiteElo "2255"]
[BlackElo "2362"]
[EventDate "2026.04.07"]
[PlyCount "41"]

1.e4 c5 2.Nf3 e6 3.d4 cxd4 4.Nxd4 Nf6 5.Nc3 Bb4 6.e5 Nd5 7.Bd2 Nxc3 8.bxc3
Bf8 9.Bd3 d6 10.Qe2 Be7 11.exd6 Qxd6 12.Nb5 Qd8 13.Bf4 Na6 14.Rd1 Qa5 15.
Qh5 Kf8 16.Bc4 Nc5 17.O-O Bd7 18.Nc7 Rd8 19.Rxd7 Rxd7 20.Bxe6 g6 21.Qe5 
1-0

[Event "26th EUR-ch"]
[Site "Katowice POL"]
[Date "2026.04.18"]
[Round "10.120"]
[White "Perossa, Nicolas"]
[Black "Pycinski, Wladyslaw"]
[Result "1/2-1/2"]
[WhiteElo "2362"]
[BlackElo "2218"]
[EventDate "2026.04.07"]
[PlyCount "115"]

1.e4 e6 2.d4 d5 3.Nc3 Nf6 4.e5 Nfd7 5.f4 c5 6.Nf3 Nc6 7.Be3 cxd4 8.Nxd4 
Qb6 9.Qd2 Qxb2 10.Rb1 Qa3 11.Bb5 Nxd4 12.Bxd4 a6 13.Rb3 Qe7 14.Ba4 Qd8 15.
Bb6 Qh4+ 16.g3 Qh3 17.Ne4 Qf5 18.Nf2 Be7 19.g4 Qg6 20.f5 exf5 21.Qxd5 Qe6 
22.Qxe6 fxe6 23.gxf5 O-O 24.f6 gxf6 25.Rg1+ Kh8 26.Bxd7 Bxd7 27.Ng4 f5 28.
Nf6 Rxf6 29.exf6 Bxf6 30.Ba5 Bc6 31.Bc3 e5 32.Bb2 f4 33.Rh3 Rg8 34.Rxg8+ 
Kxg8 35.Rh5 Be4 36.Bxe5 Bg6 37.Bxf6 Bxh5 38.Be5 f3 39.a4 b6 40.Bd4 Be8 41.
Bxb6 Bxa4 42.Kd2 Kf7 43.Ke3 Bc6 44.Ba5 Ke6 45.c4 Kf5 46.h3 Ke6 47.Bb4 Bb7 
48.Ba5 Kd7 49.Bb4 Kc7 50.Ba5+ Kb8 51.Bb4 Bc6 52.Bc3 Ka7 53.Ba5 Kb7 54.Bd8 
Be4 55.Bh4 Bf5 56.Kxf3 Kc6 57.Be7 Bxh3 58.Ke3 1/2-1/2

[Event "26th EUR-ch"]
[Site "Katowice POL"]
[Date "2026.04.18"]
[Round "10.121"]
[White "Morkunas, Gustas"]
[Black "Rodriguez Redondo, Adhara"]
[Result "1/2-1/2"]
[WhiteElo "2350"]
[BlackElo "2203"]
[EventDate "2026.04.07"]
[PlyCount "134"]

1.e4 e5 2.Nc3 Nf6 3.a3 Nc6 4.d3 d5 5.Bg5 d4 6.Nd5 Be7 7.Nxe7 Qxe7 8.g3 h6 
9.Bd2 Bg4 10.Be2 Bxe2 11.Qxe2 Nd7 12.f4 O-O-O 13.Nf3 Qc5 14.Rc1 Qb5 15.b3 
exf4 16.gxf4 f5 17.O-O fxe4 18.Qxe4 Rde8 19.Qg6 Qd5 20.Qg2 Ne7 21.Rce1 Nf5
22.Qg6 Ne3 23.Bxe3 dxe3 24.c4 Qe6 25.Qxe6 Rxe6 26.f5 Re7 27.Nh4 e2 28.Rf2 
Rhe8 29.Ng6 Re3 30.Nf4 Nc5 31.Rfxe2 Rxe2 32.Rxe2 Rxe2 33.Nxe2 Nxd3 34.Kg2 
Kd7 35.Kf3 Kd6 36.Ke3 Ne5 37.h3 Nd7 38.Kf4 Nc5 39.Nd4 a6 40.h4 Nd3+ 41.Ke3
Ne5 42.Ke4 Nd7 43.Ne6 g6 44.c5+ Ke7 45.b4 c6 46.Nf4 Nf6+ 47.Kd4 g5 48.hxg5
hxg5 49.Nh3 g4 50.Nf4 Nd7 51.Nh5 Nf6 52.Ng3 Nd7 53.Ke4 a5 54.Kf4 axb4 55.
axb4 Nf6 56.Ke5 Nd7+ 57.Kf4 Nf6 58.Kg5 Kf7 59.Nf1 Nd5 60.Kxg4 Nxb4 61.Nd2 
Nd5 62.Ne4 b6 63.Nd6+ Kf6 64.Ne4+ Kf7 65.cxb6 Nxb6 66.Kg5 Nd5 67.f6 Nxf6 
1/2-1/2

[Event "26th EUR-ch"]
[Site "Katowice POL"]
[Date "2026.04.18"]
[Round "10.122"]
[White "Bourg, Nicolas"]
[Black "Vijayakumar, Rishi"]
[Result "0-1"]
[WhiteElo "2249"]
[BlackElo "2347"]
[EventDate "2026.04.07"]
[PlyCount "153"]

1.e4 e5 2.Nf3 Nc6 3.Bb5 a6 4.Bxc6 dxc6 5.d3 f6 6.Be3 Ne7 7.d4 exd4 8.Nxd4 
h5 9.Nd2 c5 10.N4b3 b6 11.Qe2 a5 12.a4 Qd7 13.O-O Ba6 14.c4 O-O-O 15.Rfd1 
Nc6 16.f4 Nd4 17.Bxd4 cxd4 18.Qf3 c5 19.Nc1 Qg4 20.Qxg4+ hxg4 21.Nd3 Bd6 
22.g3 g6 23.Re1 Bc7 24.Re2 Rh7 25.b3 Bb7 26.Rae1 Rdh8 27.Rf1 Rh3 28.e5 f5 
29.Rfe1 Kd7 30.Rf1 Ke6 31.Rfe1 Bd8 32.Rc1 Be7 33.Rce1 Ba8 34.Rc1 Bb7 35.
Rce1 Ba8 36.Rc1 Bc6 37.Rce1 R3h5 38.Rf2 Ba8 39.Ree2 Rh3 40.Rf1 Bc6 41.Rfe1
R3h7 42.Rf2 Bf8 43.Ra1 Be4 44.Nb2 Rh3 45.Re2 d3 46.Nxe4 fxe4 47.Rg2 g5 48.
Re1 gxf4 49.Rxe4 f3 50.Rf2 Bh6 51.Nxd3 Rd8 52.Nf4+ Bxf4 53.Rxf4 Rd1+ 54.
Rf1 Rd2 55.Rf2 Rd4 56.Rf1 Rd2 57.Rf2 Rxf2 58.Kxf2 Rxh2+ 59.Ke3 Re2+ 60.Kd3
Re1 61.Kd2 Re2+ 62.Kd3 Re1 63.Kd2 Rg1 64.Ke3 Rxg3 65.Ke4 Rg1 66.Rf6+ Ke7 
67.Ke3 Re1+ 68.Kf2 Re2+ 69.Kf1 Rxe5 70.Rxb6 Rg5 71.Rb7+ Ke6 72.Rb6+ Ke5 
73.Rc6 Kd4 74.Rf6 Kc3 75.Rf7 Kxb3 76.Rb7+ Kxc4 77.Rg7 0-1

[Event "26th EUR-ch"]
[Site "Katowice POL"]
[Date "2026.04.18"]
[Round "10.123"]
[White "Smietanska, Wiktoria"]
[Black "Yeritsian, Hayk"]
[Result "1-0"]
[WhiteElo "2248"]
[BlackElo "2342"]
[EventDate "2026.04.07"]
[PlyCount "85"]

1.e4 c5 2.Nc3 g6 3.d4 cxd4 4.Qxd4 Nf6 5.Be3 Nc6 6.Qd2 Bg7 7.f3 d6 8.O-O-O 
Qa5 9.Kb1 Be6 10.Nd5 Qxd2 11.Rxd2 Rc8 12.g4 a6 13.Nh3 Ne5 14.Nxf6+ Bxf6 
15.g5 Bg7 16.Rf2 Nc4 17.Bc1 Bd4 18.Re2 Ne5 19.f4 Nd7 20.c3 Ba7 21.Bg2 Bg4 
22.Ree1 h6 23.gxh6 Rxh6 24.Ng5 f6 25.h3 Bh5 26.Ne6 Kf7 27.e5 Rhh8 28.exd6 
exd6 29.Bxb7 Bf2 30.Ref1 Rb8 31.Bd5 Nb6 32.Bb3 Bh4 33.f5 d5 34.Nf4 gxf5 
35.Nxd5 Nxd5 36.Bxd5+ Ke7 37.Bf4 Rbd8 38.c4 Rh7 39.Rhg1 Kd7 40.c5 Be2 41.
c6+ Ke7 42.c7 Rc8 43.Re1 1-0

[Event "26th EUR-ch"]
[Site "Katowice POL"]
[Date "2026.04.18"]
[Round "10.124"]
[White "Csiki, Endre"]
[Black "Kochavi, Dana"]
[Result "1-0"]
[WhiteElo "2339"]
[BlackElo "2196"]
[EventDate "2026.04.07"]
[PlyCount "83"]

1.d4 Nf6 2.Nf3 e6 3.c4 d5 4.cxd5 exd5 5.Nc3 c6 6.Bg5 h6 7.Bh4 g5 8.Bg3 Ne4
9.e3 Qa5 10.Qb3 h5 11.Bd3 Nd7 12.Bxe4 dxe4 13.Ne5 Nxe5 14.Bxe5 Rh6 15.h4 
gxh4 16.Rxh4 f5 17.O-O-O b5 18.Nxe4 Qd8 19.Rxh5 Be6 20.d5 cxd5 21.Rxh6 
Bxh6 22.Qxb5+ Kf7 23.Nc3 Qc8 24.Qe2 Bf8 25.Qh5+ Ke7 26.Kb1 Qc4 27.Qh7+ Ke8
28.Qh5+ Kd7 29.b3 Qc6 30.Qh7+ Ke8 31.Bd4 Bf7 32.Kb2 Bg6 33.Qh8 Kf7 34.Qe5 
Rd8 35.Rh1 a5 36.Rc1 a4 37.Ne2 a3+ 38.Ka1 Qd6 39.Rc7+ Be7 40.Qxd6 Rxd6 41.
Bc5 Ke6 42.Nd4+ 1-0

[Event "26th EUR-ch"]
[Site "Katowice POL"]
[Date "2026.04.18"]
[Round "10.125"]
[White "Maltezeanu, Stefan"]
[Black "Prazak, Daniel"]
[Result "1-0"]
[WhiteElo "2245"]
[BlackElo "2339"]
[EventDate "2026.04.07"]
[PlyCount "55"]

1.Nf3 d5 2.d4 Nf6 3.c4 c6 4.Nc3 e6 5.Bg5 Nbd7 6.cxd5 exd5 7.Qc2 Be7 8.e3 
h6 9.Bh4 O-O 10.Bd3 Re8 11.O-O-O Ne4 12.Bxe4 Bxh4 13.Bh7+ Kh8 14.Bd3 Bf6 
15.g4 Nf8 16.Rdg1 g6 17.g5 hxg5 18.h4 gxh4 19.Ne2 g5 20.Nxh4 gxh4 21.Nf4 
Ne6 22.Qd1 Ng7 23.Nh5 Re4 24.Nxg7 Bxg7 25.Qh5+ Kg8 26.Bxe4 dxe4 27.Rxh4 
Kf8 28.Rxg7 1-0

[Event "26th EUR-ch"]
[Site "Katowice POL"]
[Date "2026.04.18"]
[Round "10.126"]
[White "Prisacaru, Stefan-Emilian"]
[Black "Gagic, Milan"]
[Result "1/2-1/2"]
[WhiteElo "2243"]
[BlackElo "2337"]
[EventDate "2026.04.07"]
[PlyCount "31"]

1.d4 d5 2.Nf3 e6 3.Bf4 Nf6 4.e3 Bd6 5.Nbd2 O-O 6.c3 b6 7.h4 c5 8.h5 Bxf4 
9.exf4 Qd6 10.g3 a5 11.h6 g6 12.a3 Nc6 13.Bd3 Ba6 14.Bxa6 Rxa6 15.Qe2 Raa8
16.Kf1 1/2-1/2

[Event "26th EUR-ch"]
[Site "Katowice POL"]
[Date "2026.04.18"]
[Round "10.127"]
[White "Drazic, Sinisa"]
[Black "Unat, Can Haktan"]
[Result "1/2-1/2"]
[WhiteElo "2239"]
[BlackElo "2333"]
[EventDate "2026.04.07"]
[PlyCount "108"]

1.d4 d5 2.Nf3 Nf6 3.e3 e6 4.Nbd2 c5 5.c3 Nbd7 6.Bd3 Be7 7.O-O O-O 8.Qe2 
Qc7 9.e4 dxe4 10.Nxe4 h6 11.Rd1 b6 12.dxc5 Nxc5 13.Nxc5 Bxc5 14.Be3 Bb7 
15.Bxc5 Qxc5 16.Ne5 Rad8 17.Bc2 Rd5 18.Rxd5 Qxd5 19.f3 Re8 20.Qe3 Qb5 21.
Bb3 Nd7 22.Nc4 Qc6 23.Rd1 Ba6 24.Nd6 Rf8 25.Nxf7 Kxf7 26.Qxe6+ Qxe6 27.
Rxd7+ Kf6 28.Bxe6 Bc8 29.Rxa7 Bxe6 30.Rb7 Bxa2 31.Rxb6+ Be6 32.Kf2 Rd8 33.
Ke3 Rd1 34.c4 Rg1 35.g4 Rh1 36.b4 Rxh2 37.b5 Rc2 38.Kd3 Rf2 39.Ke3 Rc2 40.
Kd3 Rc1 41.Rc6 g6 42.b6 h5 43.b7 Rb1 44.Rc7 hxg4 45.fxg4 Ke5 46.c5 Bd5 47.
c6 Be4+ 48.Ke3 Rb3+ 49.Kf2 Bxc6 50.Rxc6 Rxb7 51.Kg3 g5 52.Rc3 Kf6 53.Rf3+ 
Kg6 54.Ra3 Rb1 1/2-1/2

[Event "26th EUR-ch"]
[Site "Katowice POL"]
[Date "2026.04.18"]
[Round "10.128"]
[White "Bracker, Frank"]
[Black "Mizzi, Jack"]
[Result "1-0"]
[WhiteElo "2332"]
[BlackElo "2192"]
[EventDate "2026.04.07"]
[PlyCount "67"]

1.e4 c6 2.d4 d5 3.e5 Bf5 4.c4 e6 5.Nc3 Ne7 6.Nf3 Nd7 7.h3 h6 8.cxd5 Nxd5 
9.Bd3 Bb4 10.O-O Bxc3 11.Bxf5 Bxb2 12.Bxb2 exf5 13.Ba3 Qa5 14.Bd6 O-O-O 
15.Qc2 g6 16.Rfc1 N7b6 17.a4 Nf4 18.Kh2 Ne6 19.Qb2 Rxd6 20.exd6 Qd5 21.a5 
Qxd6+ 22.Kg1 Nd5 23.a6 Qc7 24.axb7+ Qxb7 25.Qa3 Kb8 26.Qd6+ Ka8 27.Qxc6 
Rd8 28.Ra5 Qxc6 29.Rxc6 Nb4 30.Rc4 Nd3 31.d5 Nef4 32.Rc7 Rxd5 33.Raxa7+ 
Kb8 34.Rcb7+ 1-0

[Event "26th EUR-ch"]
[Site "Katowice POL"]
[Date "2026.04.18"]
[Round "10.129"]
[White "Krasniewski, Maciej"]
[Black "Brzezina, Piotr"]
[Result "0-1"]
[WhiteElo "2228"]
[BlackElo "2327"]
[EventDate "2026.04.07"]
[PlyCount "118"]

1.d4 Nf6 2.c4 g6 3.Nc3 Bg7 4.e4 d6 5.h3 O-O 6.Be3 c6 7.Qd2 Na6 8.g4 c5 9.
d5 Nc7 10.a4 a6 11.Nge2 b5 12.axb5 Rb8 13.b6 Rxb6 14.Ng3 Bd7 15.Bd3 Qb8 
16.Ra2 Rb4 17.g5 Nfe8 18.h4 Na8 19.h5 Nb6 20.Qe2 Na4 21.Nxa4 Rxa4 22.Rxa4 
Bxa4 23.Bc1 Qb3 24.f4 Nc7 25.Nf1 Rb8 26.Nd2 Qa2 27.hxg6 hxg6 28.e5 dxe5 
29.fxe5 Rxb2 30.Bxb2 Qxb2 31.O-O Qd4+ 32.Kg2 Bxe5 33.Ne4 Bd7 34.Qf3 Bf5 
35.Nf2 Qh4 36.Nh3 Bxh3+ 37.Qxh3 Qxg5+ 38.Kh1 Ne8 39.Rg1 Qf4 40.Rf1 Qg5 41.
Rg1 Qf4 42.Rf1 Qd4 43.Rg1 Nf6 44.Bxg6 fxg6 45.Rxg6+ Kf7 46.Rg2 Qd1+ 47.Rg1
Qh5 48.Qxh5+ Nxh5 49.Rf1+ Nf4 50.Rf3 Kf6 51.Ra3 Kf5 52.Rxa6 Ke4 53.Kg1 Kd4
54.Ra4 Nd3 55.Kf1 Nb2 56.Ra1 Kxc4 57.Re1 Bd6 58.Rb1 Nd3 59.Rd1 Nf4 0-1

[Event "26th EUR-ch"]
[Site "Katowice POL"]
[Date "2026.04.18"]
[Round "10.130"]
[White "Hercegovac, Neven"]
[Black "Djurovic, Peko"]
[Result "0-1"]
[WhiteElo "2325"]
[BlackElo "2191"]
[EventDate "2026.04.07"]
[PlyCount "159"]

1.e4 c5 2.Nf3 Nc6 3.Nc3 e5 4.Bc4 Be7 5.d3 Nf6 6.Nd2 O-O 7.Nf1 d6 8.Ne3 Be6
9.O-O a6 10.a4 Rb8 11.Bd2 Nb4 12.a5 d5 13.exd5 Nbxd5 14.Nexd5 Nxd5 15.Qe2 
Nxc3 16.Bxc3 Bxc4 17.dxc4 Bf6 18.Rad1 Qe7 19.Qe4 Rbd8 20.g3 Rd7 21.Rfe1 
Rfd8 22.Rxd7 Qxd7 23.Re3 h6 24.Kg2 Qc7 25.Re1 Rd7 26.h4 Rd8 27.h5 Rd7 28.
Kg1 Rd8 29.Kf1 Qd7 30.Kg2 Qc7 31.b3 Qd7 32.Re2 Qc7 33.Re3 Qc8 34.Bxe5 Re8 
35.f4 Qg4 36.Qxb7 Bxe5 37.fxe5 Rd8 38.Rf3 Qxh5 39.Qe4 Rd4 40.Qe2 Qg6 41.
Re3 Qc6+ 42.Kg1 Qc7 43.c3 Rd8 44.b4 Rb8 45.e6 fxe6 46.Qg4 cxb4 47.cxb4 
Rxb4 48.Qxe6+ Qf7 49.c5 Rc4 50.Qe5 Rc1+ 51.Re1 Rc2 52.Re2 Rc1+ 53.Kh2 Qf3 
54.Rg2 Qc6 55.Qd6 Rxc5 56.Qd8+ Kh7 57.Qd3+ g6 58.Qe3 Rh5+ 59.Kg1 Qc5 60.
Qxc5 Rxc5 61.Ra2 h5 62.Kf2 Kh6 63.Ra4 g5 64.Kf3 g4+ 65.Ke3 Rc3+ 66.Kf2 
Rf3+ 67.Kg2 Rf5 68.Rb4 Rxa5 69.Rf4 Kg5 70.Rf8 Re5 71.Ra8 a5 72.Kf2 Kf5 73.
Ra6 Ke4 74.Ke2 Kd4+ 75.Kd2 Kc4 76.Rh6 a4 77.Ra6 Kb4 78.Kc2 Re2+ 79.Kd3 Rg2
80.Kd4 0-1

[Event "26th EUR-ch"]
[Site "Katowice POL"]
[Date "2026.04.18"]
[Round "10.131"]
[White "Zawadzka, Jolanta"]
[Black "Pehar, Borna"]
[Result "1-0"]
[WhiteElo "2324"]
[BlackElo "2183"]
[EventDate "2026.04.07"]
[PlyCount "85"]

1.e4 c5 2.Nf3 Nc6 3.d4 cxd4 4.Nxd4 Nf6 5.Nc3 d6 6.Bg5 Bd7 7.Qd2 Rc8 8.f4 
Nxd4 9.Qxd4 Qb6 10.Qxb6 axb6 11.Bd3 e6 12.O-O-O Be7 13.Rd2 h6 14.Bh4 g5 
15.fxg5 Ng4 16.Kb1 hxg5 17.Bg3 Ne5 18.Rhd1 Bc6 19.Bb5 Kf8 20.a4 Kg7 21.h3 
Rhd8 22.Bxc6 bxc6 23.Bxe5+ dxe5 24.Rd7 Rxd7 25.Rxd7 Kf8 26.Na2 b5 27.a5 b4
28.a6 Ra8 29.a7 Bc5 30.Rc7 Rxa7 31.Rxa7 Bxa7 32.Nxb4 Bf2 33.Nxc6 Bg3 34.c3
f5 35.Kc2 fxe4 36.Kd2 Bf4+ 37.Ke2 Ke8 38.Na5 Bc1 39.Nc4 Kd7 40.g3 Kc6 41.
Kd1 Bf4 42.gxf4 exf4 43.Ne5+ 1-0